[Event "BCF-chT4S 1819 (4NCL)"]
[Site "England"]
[Date "2019.05.04"]
[Round "9.85"]
[White "Woolgar, Steven G"]
[Black "Joian, Danut"]
[Result "0-1"]
[WhiteElo "1652"]
[BlackElo "1787"]
[PlyCount "102"]
[EventDate "2018.11.17"]
[EventType "team-swiss"]
[EventRounds "11"]
[EventCountry "ENG"]
[SourceTitle "EXT 2021"]
[Source "ChessBase"]
[SourceDate "2020.10.23"]
[SourceVersion "1"]
[SourceVersionDate "2020.10.23"]
[SourceQuality "1"]
[WhiteTeam "Throw in the Tal"]
[BlackTeam "Banbury Bulldogs"]
[WhiteTeamCountry "ENG"]
[BlackTeamCountry "ENG"]

1. c4 g6 2. Nc3 Bg7 3. g3 c5 4. Bg2 Nc6 5. Nf3 d6 6. d3 h6 7. Bd2 e6 8. e4 Nge7 9. a3 0-0 10. 0-0 a6 11. Qc1 Kh7 12. Rb1 a5 13. Nb5 Rb8 14. Be3 e5 15. Qd2 Be6 16. Nc3 f5 17. Ne2 fxe4 18. dxe4 Bxc4 19. Rbc1 Be6 20. Kh1 Bg4 21. Nfg1 Nd4 22. Bxd4 exd4 23. f3 Bd7 24. Rf2 Bc6 25. Nf4 Qd7 26. Bh3 Qe8 27. Ne6 Rf6 28. Nxg7 Kxg7 29. e5 dxe5 30. Rxc5 Nd5 31. Rxa5 Ne3 32. Rc5 Rd8 33. Qa5 Nd5 34. Bg2 b6 35. Qa7+ Rf7 36. Qxf7+ Kxf7 37. Rc1 Ne3 38. Rd2 g5 39. h3 h5 40. Kh2 g4 41. h4 Rd6 42. b4 Rf6 43. Rf2 Qa8 44. b5 Bd5 45. Rc7+ Kf8 46. Rh7 Nxg2 47. Kxg2 gxf3+ 48. Kh2 Qxa3 49. Rxh5 Qe3 50. Nh3 Be6 51. Rh8+ Kg7 0-1